000 00733cam a2200241 4500500
005 20260405001727.0
041 _afre
042 _adc
100 1 0 _aWebb, Samuel
_eauthor
245 0 0 _aBenoît Hamon, Yves Michaud: obsolescence programmée, ça passe ou ça casse ?
260 _c2014.
500 _a23
690 _aBenoît Hamon
690 _aConsommation
690 _acontrat
690 _aÉconomie
690 _aObjets
690 _aObsolescence programmée
690 _aPolitique
690 _aYves Michaud
786 0 _nPhilosophie magazine | 78 | 4 | 2014-04-01 | p. 13-14 | 1951-1787
856 4 1 _uhttps://shs.cairn.info/magazine-philosophie-magazine-2014-4-page-13?lang=fr&redirect-ssocas=7080
999 _c2050463
_d2050463